Catálogo
 En Linea

Como los americanos ayudaron a colocar a Balaguer en el poder en 1966 / (Registro nro. 20708)

Detalles MARC
000 -CABECERA
campo de control de longitud fija 01609nam a2200277 a 4500
001 - NÚMERO DE CONTROL
campo de control 000021207
003 - IDENTIFICADOR DEL NÚMERO DE CONTROL
campo de control DO-SdBNP
005 - FECHA Y HORA DE LA ÚLTIMA TRANSACCIÓN
campo de control 20250621074006.0
008 - DATOS DE LONGITUD FIJA--INFORMACIÓN GENERAL
campo de control de longitud fija 100902s2004 dr c 000 0 spa d
020 ## - NÚMERO INTERNACIONAL ESTÁNDAR DEL LIBRO
Número Internacional Estándar del Libro 9993427047
040 ## - FUENTE DE LA CATALOGACIÓN
Centro catalogador/agencia de origen DO-SdBNP
Lengua de catalogación spa
Centro/agencia transcriptor BNPHU
082 #4 - NÚMERO DE LA CLASIFICACIÓN DECIMAL DEWEY
Número de clasificación 972.93054
Número de documento/Ítem V422c
Número de edición 22
100 1# - ENTRADA PRINCIPAL--NOMBRE DE PERSONA
Nombre de persona Vega, Bernardo,
Fechas asociadas al nombre 1938 -
9 (RLIN) 3222
245 10 - MENCIÓN DE TÍTULO
Título Como los americanos ayudaron a colocar a Balaguer en el poder en 1966 /
Mención de responsabilidad, etc. Bernardo Vega.
260 ## - PUBLICACIÓN, DISTRIBUCIÓN, ETC.
Lugar de publicación, distribución, etc. Santo Domingo :
Nombre del editor, distribuidor, etc. Fundación Cultural Dominicana,
Fecha de publicación, distribución, etc. 2004.
300 ## - DESCRIPCIÓN FÍSICA
Extensión 321 p. :
Otras características físicas retrs. ;
Dimensiones 27 cm.
504 ## - NOTA DE BIBLIOGRAFÍA, ETC.
Nota de bibliografía, etc. Incluye referencias bibliográficas y notas al pie de las páginas
505 2# - NOTA DE CONTENIDO CON FORMATO
Nota de contenido con formato Kennedy pide a Balaguer que abandone el poder -- Exilio y ostracismo en Nueva York -- Mann y el conservadurismo en Washington -- Irving A. Davidson entra en acción -- Los complots-- Johnson ordena que se logre que Balaguer vuelva al poder -- Johnson autoriza a la CIA a poner de inmediato a Balaguer en el poder -- Balaguer ofrece la solución -- Aspectos militares y de inteligencia -- El regreso de Balaguer -- La campaña electoral -- La recta final -- Y no llovió -- Conclusiones -- Notas -- Bibliografía -- Indice onomástico.
600 10 - PUNTO DE ACCESO ADICIONAL DE MATERIA--NOMBRE DE PERSONA
Nombre de persona Balaguer, Joaquín,
Fechas asociadas al nombre 1906-2002
9 (RLIN) 76556
651 10 - PUNTO DE ACCESO ADICIONAL DE MATERIA--NOMBRE GEOGRÁFICO
Nombre geográfico República Dominicana
Subdivisión general Política y gobierno
9 (RLIN) 45
651 14 - PUNTO DE ACCESO ADICIONAL DE MATERIA--NOMBRE GEOGRÁFICO
Nombre geográfico Estados Unidos
Subdivisión general Relaciones exteriores
Subdivisión geográfica República Dominicana
9 (RLIN) 6309
651 14 - PUNTO DE ACCESO ADICIONAL DE MATERIA--NOMBRE GEOGRÁFICO
Nombre geográfico República Dominicana
Subdivisión general Relaciones exteriores
Subdivisión geográfica Estados Unidos
9 (RLIN) 6308
651 10 - PUNTO DE ACCESO ADICIONAL DE MATERIA--NOMBRE GEOGRÁFICO
Nombre geográfico República Dominicana --
Subdivisión general Historia --
Subdivisión cronológica 1961-
9 (RLIN) 6572
910 ## - DATOS DE OPCIÓN DEL USUARIO (OCLC)
Datos de opción del usuario Validado. Control de calidad BNPHU
942 ## - ELEMENTOS DE PUNTO DE ACCESO ADICIONAL (KOHA)
Fuente del sistema de clasificación o colocación Dewey Decimal Classification
Tipo de ítem Koha Libro
Existencias
Estado de retiro Estado de pérdida Restricciones de uso No para préstamo Código de colección Localización permanente Ubicación/localización actual Ubicación en estantería Fecha de adquisición Número de inventario Total de préstamos Signatura topográfica completa Código de barras Fecha visto por última vez Número de copia Precio válido a partir de Tipo de ítem Koha
        Dominicana de Servicio General General Depósito 28.11.2013 LF1   972.93054 V422c 21207-30 25.06.2020 e. 3 25.06.2020 Libro y Folleto Colección Dominicana de Servicio
      Excluido de préstamo Patrimonio Dominicano Patrimonio Dominicano Patrimonio Dominicano Depósito 02.09.2010 LF1   972.93054 V422c 21207-10 25.06.2020   25.06.2020 Libro y Folleto Colección Patrimonio Dominicano
      Excluido de préstamo Patrimonio Dominicano Patrimonio Dominicano Patrimonio Dominicano Depósito 21.09.2010 LF1   972.93054 V422c 21207-20 25.06.2020 e. 2 25.06.2020 Libro y Folleto Colección Patrimonio Dominicano

Con tecnología Koha